Countries in French - Statistics

General Stats
  • This quiz has been taken 49 times
    42 since last reset
  • The average score is 25 of 193
Answer Stats
Hint Answer % Correct
France La France
55%
Albania L'Albanie
45%
Algeria L'Algerie
45%
Afghanistan L'Afghanistan
42%
Angola L'Angola
42%
Canada Le Canada
39%
Luxembourg Le Luxembourg
39%
China La Chine
35%
Andorra L'Andorre
35%
Argentina L'Argentine
35%
Armenia L'Armenie
35%
Australia L'Australie
35%
Belgium La Belgique
32%
U.S.A Les Etats-Unis
32%
Colombia La Colombie
29%
Russia La Russie
29%
Madagascar Le Madagascar
29%
Mali Le Mali
29%
Greece La Grece
26%
Benin Le Benin
26%
Japan Le Japon
26%
Mexico Le Mexique
26%
Panama Le Panama
26%
South Korea La Coree du Sud
23%
Bahamas Le Bahamas
23%
Congo Le Congo
23%
Costa Rica Le Costa Rica
23%
Gabon Le Gabon
23%
Malawi Le Malawi
23%
Morocco Le Maroc
23%
U.K Le Royaume-Uni
23%
Cuba Cuba
19%
North Korea La Coree du Nord
19%
Georgia La Georgie
19%
Switzerland La Suisse
19%
Niger Le Niger
19%
Portugal Le Portugal
19%
Senegal Le Senegal
19%
Vietnam Le Viet Nam
19%
Zimbabwe Le Zimbabwe
19%
Italy L'Italie
19%
Haiti Haiti
16%
Chile La Chili
16%
Croatia La Croatie
16%
Finland La Finlande
16%
South Africa L'Afrqique du Sud
16%
Serbia La Serbie
16%
Zambia La Zambie
16%
Bulgaria Le Bulgarie
16%
Burundi Le Burundi
16%
Ghana Le Ghana
16%
Kenya Le Kenya
16%
Laos Le Laos
16%
Nepal Le Nepal
16%
Qatar Le Qatar
16%
Maldives Les Maldives
16%
Netherlands Les Pays-Bas
16%
Togo Le Togo
16%
Yemen Le Yemen
16%
India L'Inde
16%
Iraq L'Irak
16%
Iran L'Iran
16%
Monaco Monaco
16%
Taiwan Taiwan
16%
Guyana La Guyana
13%
Hungary La Hongrie
13%
Kiribati La Kiribati
13%
Mongolia La Mongolie
13%
Nauru La Nauru
13%
Norway La Norvege
13%
New Zealand La Nouvelle Zéland
13%
Antigua and Barbuda L'Antigua-et-Barbuda
13%
Somalia La Somalie
13%
Syria La Syrie
13%
Tunisia La Tunisie
13%
Turkey La Turquie
13%
Bahrain Le Bahrein
13%
Belize Le Belize
13%
Bolivia Le Bolivie
13%
Brazil Le Brasil
13%
Brunei Le Brunei
13%
Cameroon Le Cameroun
13%
Denmark Le Danemark
13%
Djibouti Le Djibouti
13%
Kosovo Le Kosovo
13%
Mozambique Le Mozambique
13%
Nigeria Le Nigeria
13%
Pakistan Le Pakistan
13%
Paraguay Le Paraguay
13%
Spain L'Espagne
13%
Seychelles Les Seychelles
13%
Tonga Les TOnga
13%
Suriname Le Surinam
13%
Tuvalu Le Tuvalu
13%
Indonesia L'Indonesie
13%
Ireland L'Irlande
13%
Israel L'Israel
13%
Cyprus Chypre
10%
Bangladesh La Bangladesh
10%
The Gambia La Gambie
10%
Lithuania La Lituanie
10%
Malta La Malte
10%
Namibia La Namibie
10%
Poland La Pologne
10%
Dominican Republic La Republique Dominicaine
10%
Czech Republic La Republique Tcheque
10%
Sweden La Suede
10%
Tanzania La Tanzanie
10%
Azerbaijan L'Azerbaidjan
10%
Botswana Le Botswana
10%
Cambodia Le Cambodge
10%
Guatemala Le Guatemala
10%
Egypt L'Egypte
10%
Honduras Le Honduras
10%
Kazakhstan Le Kazakhstan
10%
Peru Le Perou
10%
Rwanda Le Rwanda
10%
Marshall Islands les Iles Marshall
10%
Philippines Les Philippines
10%
Sri Lanka Le Sri Lanka
10%
Vanuatu Le Vanuatu
10%
Venezuela Le Venezuela
10%
Saint Lucia Saint-Lucie
10%
Samoa Samoa
10%
Burkina Faso La Burkina
6%
Dominica La Dominique
6%
Grenada La Grenade
6%
Libya La Libye
6%
Macedonia La Macedoine
6%
Micronesia La Micronesie
6%
Moldova La Moldavie
6%
Palestine La Palestine
6%
Romania La Roumanie
6%
Slovenia La Slovenie
6%
Thailand La Thailande
6%
Austria L'Austriche
6%
Bhutan Le Bhoutan
6%
Belarus Le Bielorussie
6%
Cape Verde Le Cap-Vert
6%
Lesotho Le Lesotho
6%
Liberia Le Liberia
6%
Montenegro Le Montenegro
6%
El Salvador Le Salvador
6%
Barbados Les Barbade
6%
Comoros Les Comores
6%
Sudan Le Soudan
6%
Estonia L'Estonie
6%
Swaziland (Eswatini) Le Swaziland
6%
Chad Le Tchad
6%
Vatican City Le Vatican
6%
Oman L'Oman
6%
Ukraine L'Ukraine
6%
Mauritius La Ile Maurice
3%
Jamaica La Jamaique
3%
Latvia La Lettonie
3%
Malaysia La Malaisie
3%
Mauritania La Mauritanie
3%
Papau New Guinea La Papouasie-Nouvelle-Guinee
3%
Central African Republic La Republique Centrafricaine
3%
Sierre Leone La Sierra Leone
3%
Slovakia La Slovaquie
3%
Bosnia and Herzegovina Le Bosnie-Herzegovine
3%
Ecuador L'Ecuador
3%
Lebanon Le Liban
3%
Eritrea L'Erythree
3%
Fiji Les Fidji
3%
Iceland L'Islande
3%
San Marino Saint Marin
3%
Saint Vincent and Grenadines Saint-Vincent-et-les-Grenadines
3%
Sao Tome and Principe Sao Tome et Principe
3%
Ivory Coast La Cote d'Ivorie
0%
Guinea Bissau La Guinee-Bissao
0%
Equatorial Guinea La Guinee Equatoriale
0%
Jordan La Jordanie
0%
Germany L'Allemange
0%
Saudi Arabia L'Arabie Saoudite
0%
SIngapore La SIngapour
0%
South Sudan La Sudan du Sud
0%
Trinidad and Tobago La Trinite-et-Tobago
0%
Kyrgyzstan Le Kirghizstan
0%
Kuwait Le Koweit
0%
Lichtenstein Le Liechtenstein
0%
Myanmar Le Myanmar
0%
Nicaragua Le Nicarague
0%
U.A.E Les Emirats Arabes Unis
0%
Palau Les Iles Palos
0%
Solomon Islands Les Iles Salomon
0%
Tajikstan Le Tadjikistan
0%
East Timor Le Timor Oriental
0%
Uganda L'Ouganda
0%
Uzbekistan L'Ouzbekistan
0%
Uruguay L'Uruguay
0%
Saint Kitts and Nevis Saint-Christophe-et-Nieves
0%
No matching quizzes found
Score Distribution
Percent of People with Each Score
Percentile by Number Answered
Your Score History
You have not taken this quiz since the last reset